[Event "AUTO-OPEN-1809"]
[Site "http://www.queenalice.com/game.php?id=817768"]
[Date "2010.8.13"]
[Round "2"]
[White "danote"]
[Black "somar96"]
[Result "0-1"]
[WhiteElo "1667"]
[BlackElo "2092"]

1. e4 c5 2. d4 cxd4 3. Qxd4 Nc6 4. Qc4 Nf6 5. Nf3 d6 6. Nc3 a6 7. g3 g6 8. Be2
Bg7 9. a4 O-O 10. Nd4 Nxd4 11. Qxd4 Be6 12. Bf3 Rc8 13. Qb4 Nd7 14. Qxb7 Rxc3
15. O-O Rxf3 16. Kg2 Rf6 17. Qxa6 Nc5 18. Qc6 Bc4 19. Re1 Qa5 20. Be3 Re6 21. c3
Nb3 22. Ra3 d5 23. Qb7 Rxe4 24. Rd1 Re6 25. Rxb3 Bxb3 26. Qxb3 Ra6 27. Rxd5 Qxa4
28. Qb7 Qc6 29. Qd7 Qxd7 30. Rxd7 e5 31. c4 e4 32. Rc7 Bxb2 33. Bf4 Ra2 34. c5
Bd4 35. c6 Rxf2+ 36. Kh3 Rc2 37. Rd7 Bb6 38. c7 Rc8 39. Be3 R2xc7 0-1

[Event "AUTO-OPEN-1809"]
[Site "http://www.queenalice.com/game.php?id=817769"]
[Date "2010.8.13"]
[Round "2"]
[White "somar96"]
[Black "danote"]
[Result "0-1"]
[WhiteElo "2117"]
[BlackElo "1685"]

1. e4 e5 2. Nf3 d5 3. exd5 Qxd5 4. Nc3 Qc5 5. d4 exd4 6. Nxd4 Be7 7. Be2 Nc6 8.
Be3 Qb4 9. Nxc6 bxc6 10. O-O Qxb2 11. Ne4 Nf6 12. Nxf6+ Bxf6 13. Rb1 Qxa2 14.
Bf3 Bd7 15. Bc5 Qc4 16. Re1+ Kd8 17. Ba3 a5 18. Qd2 Kc8 19. Re4 Qa2 20. Qc1 Bf5
21. Ra4 Qe6 22. Bc5 h5 23. Qf4 Rb8 24. Rxb8+ Kxb8 25. h3 Qe1+ 26. Kh2 Be5 27.
Bxc6 Bxf4+ 28. Rxf4 Qe5 29. Be3 g5 30. g3 gxf4 31. gxf4 Qd6 32. Bf3 Qg6 33. c4
Rg8 34. Bg4 Bxg4 35. hxg4 Qxg4 0-1

[Event "AUTO-OPEN-1809"]
[Site "http://www.queenalice.com/game.php?id=817773"]
[Date "2010.8.13"]
[Round "2"]
[White "HelderNanques"]
[Black "somar96"]
[Result "1/2-1/2"]
[WhiteElo "2083"]
[BlackElo "2114"]

1. c4 c5 2. Nc3 e6 3. e4 Qc7 4. Nf3 a6 5. Be2 b6 6. O-O Bb7 7. d3 d6 8. Rb1 Nf6
9. Bd2 Be7 10. a3 Nbd7 11. b4 O-O 12. Qb3 Rab8 13. Rb2 Rfd8 14. Rfb1 Ba8 15. Qc2
Ng4 16. h3 Nge5 17. Nxe5 Nxe5 18. f4 Nc6 19. Be3 Nd4 20. Bxd4 cxd4 21. Nd1 b5
22. Rc1 bxc4 23. Qxc4 Qb6 24. Rbc2 Bb7 25. Qc7 Qxc7 26. Rxc7 Kf8 27. Nb2 d5 28.
e5 g5 29. g3 gxf4 30. gxf4 Rdc8 31. Kf2 Rxc7 32. Rxc7 Ke8 33. Rc2 Kd7 34. Na4
Bc6 35. Nc5+ Bxc5 36. Rxc5 Rb5 37. Rxb5 1/2-1/2

[Event "AUTO-OPEN-1809"]
[Site "http://www.queenalice.com/game.php?id=817774"]
[Date "2010.8.13"]
[Round "2"]
[White "somar96"]
[Black "HelderNanques"]
[Result "1-0"]
[WhiteElo "2087"]
[BlackElo "2098"]

1. e4 d5 2. exd5 Qxd5 3. Nf3 Nf6 4. d4 c6 5. Be2 Bf5 6. O-O e6 7. c4 Qd8 8. Nc3
Be7 9. h3 O-O 10. Qb3 Qc8 11. Bf4 Nbd7 12. Rac1 b6 13. Rfd1 h6 14. Ne5 Rd8 15.
Bf3 Nxe5 16. dxe5 Ne8 17. Ne4 Bxe4 18. Bxe4 Qc7 19. Qg3 g5 20. h4 f5 21. exf6
Bd6 22. Rxd6 Nxd6 23. Bc2 Kf7 24. hxg5 hxg5 25. Qxg5 Rg8 26. Qh6 Ke8 27. f7+
Nxf7 28. Qxe6+ Qe7 29. Qxc6+ 1-0

[Event "AUTO-MASTER-1015"]
[Site "http://www.queenalice.com/game.php?id=818491"]
[Date "2010.8.15"]
[Round "2"]
[White "thewhitebishop"]
[Black "somar96"]
[Result "1/2-1/2"]
[WhiteElo "2082"]
[BlackElo "2087"]

1. d4 d5 2. c4 c6 3. Nc3 Nf6 4. e3 a6 5. a4 c5 6. b3 Nc6 7. Nf3 Bg4 8. cxd5 Nxd5
9. Nxd5 Qxd5 10. Bc4 Qd8 11. dxc5 Qxd1+ 12. Kxd1 O-O-O+ 13. Ke2 e6 14. Ba3 Ne5
15. h3 Bxf3+ 16. gxf3 Nxc4 17. bxc4 Be7 18. c6 Bxa3 19. cxb7+ Kxb7 20. Rhb1+ Kc6
21. Rxa3 Rb8 22. Rab3 Rxb3 23. Rxb3 Rd8 24. Rd3 Rb8 25. Rd4 Rb2+ 26. Rd2 Rb4 27.
Kd3 Rxa4 28. Kd4 a5 29. Rb2 Rb4 30. Rxb4 axb4 31. f4 h5 32. h4 g6 33. e4 f6 34.
e5 f5 35. f3 Kb6 36. c5+ Kb5 37. c6 Kxc6 38. Kc4 b3 39. Kxb3 Kb5 40. Kc3 Kc5 41.
Kd3 Kb4 42. Kd4 Kb5 43. Kd3 Kb4 44. Kd4 1/2-1/2

[Event "AUTO-MASTER-1015"]
[Site "http://www.queenalice.com/game.php?id=818492"]
[Date "2010.8.15"]
[Round "2"]
[White "somar96"]
[Black "thewhitebishop"]
[Result "0-1"]
[WhiteElo "2097"]
[BlackElo "2053"]

1. e4 g6 2. d4 Bg7 3. Nc3 c5 4. Nf3 cxd4 5. Nxd4 Nc6 6. Be3 Nf6 7. Bc4 O-O 8.
Bb3 d6 9. f3 Bd7 10. Qd2 Qa5 11. O-O-O Rfc8 12. h4 Ne5 13. g4 Nc4 14. Bxc4 Rxc4
15. h5 Rac8 16. Nb3 Qe5 17. Bf4 Qe6 18. hxg6 fxg6 19. Bh6 Qf7 20. Bxg7 Qxg7 21.
g5 Nh5 22. Kb1 Qe5 23. Rc1 Nf4 24. Ne2 Nxe2 25. Qxe2 Qxg5 26. c3 Bb5 27. Qf2 Ra4
28. f4 Bd3+ 29. Ka1 Qf6 30. f5 Bxe4 31. Rhg1 Bxf5 32. Rcf1 e5 33. Qxf5 Qxf5 34.
Rxf5 Rf4 35. Rxf4 exf4 36. Nd4 Kf7 37. Kb1 Kf6 38. Kc2 a6 39. Kd3 Re8 40. b4 d5
41. a4 Re3+ 42. Kd2 g5 43. a5 h5 44. b5 h4 45. b6 h3 46. Nc2 Rg3 47. Rh1 Rg2+
48. Kd3 g4 49. Nb4 Rg3+ 50. Kd4 Rg2 51. Nxd5+ Kg5 52. c4 h2 53. c5 g3 54. c6
bxc6 55. b7 Rb2 56. Nb6 g2 57. b8=Q g1=Q+ 58. Rxg1+ hxg1=Q+ 59. Ke5 Qc5+ 60. Ke6
Re2+ 61. Kf7 Re7+ 62. Kg8 Qf5 0-1

[Event "AUTO-MASTER-1015"]
[Site "http://www.queenalice.com/game.php?id=818493"]
[Date "2010.8.15"]
[Round "2"]
[White "Vonkinho"]
[Black "somar96"]
[Result "1/2-1/2"]
[WhiteElo "2189"]
[BlackElo "2113"]

1. d4 Nf6 2. c4 g6 3. Nc3 d5 4. cxd5 Nxd5 5. e4 Nxc3 6. bxc3 Bg7 7. Bc4 O-O 8.
Ne2 c5 9. O-O Nc6 10. Be3 Na5 11. Bd3 b6 12. dxc5 bxc5 13. Bxc5 Qc7 14. Bd4 e5
15. Be3 Be6 16. Qa4 Rfd8 17. Rfd1 Rac8 18. f3 Bd7 19. Bb5 Bxb5 20. Qxb5 Nc4 21.
Bg5 Rxd1+ 22. Rxd1 h6 23. Bh4 Ne3 24. Rd2 Nc4 25. Rd7 Qb6+ 26. Qxb6 axb6 27.
Rd8+ Rxd8 28. Bxd8 Bf8 29. Bh4 f5 30. exf5 gxf5 31. Bf2 Kf7 32. Kf1 Ke6 33. Ng3
Ba3 34. Ke2 b5 35. Kd3 Nd6 36. Nf1 e4+ 37. fxe4 fxe4+ 38. Kd4 Bc1 39. Be3 Bb2
40. Kc5 Bxc3 41. Bxh6 Be5 42. h4 Nf5 43. Bg5 Bd4+ 44. Kxb5 Kd5 45. g4 Nd6+ 46.
Kb4 Nc4 47. Bf4 e3 48. Ng3 Nb2 49. Kb3 Nd3 50. Bb8 Nc1+ 51. Kc2 e2 52. Nxe2 Nxe2
53. a4 Nc3 54. a5 Ne4 55. g5 Bf2 56. a6 Kc6 57. g6 Bxh4 58. Kd3 Nf6 59. Ke3 Bg5+
60. Kd4 Nd7 61. Ke4 Bf6 62. Kf5 Bg7 63. a7 1/2-1/2

[Event "AUTO-MASTER-1015"]
[Site "http://www.queenalice.com/game.php?id=818494"]
[Date "2010.8.15"]
[Round "2"]
[White "somar96"]
[Black "Vonkinho"]
[Result "1/2-1/2"]
[WhiteElo "2089"]
[BlackElo "2163"]

1. e4 c5 2. Nf3 Nc6 3. d4 cxd4 4. Nxd4 Nf6 5. Nc3 e5 6. Ndb5 Bb4 7. a3 Bc5 8.
Nd6+ Bxd6 9. Qxd6 Qe7 10. Qxe7+ Kxe7 11. Bg5 Kf8 12. O-O-O h6 13. Bxf6 gxf6 14.
Nd5 Kg7 15. Bb5 a6 16. Bxc6 dxc6 17. Nb6 Rb8 18. Rd6 Be6 19. Rhd1 h5 20. h4 Rhe8
21. a4 Kf8 22. a5 Ke7 23. b3 f5 24. exf5 Bxf5 25. g3 f6 26. c4 Rbd8 27. Rxd8
Rxd8 28. Rxd8 Kxd8 29. Kd2 Ke7 30. Ke3 Kd6 31. b4 c5 32. b5 Be6 33. bxa6 bxa6
34. f4 exf4+ 35. Kxf4 Kc6 36. Ke4 Kd6 37. Kf4 Kc6 1/2-1/2

[Event "AUTO-OPEN-1810"]
[Site "http://www.queenalice.com/game.php?id=819978"]
[Date "2010.8.18"]
[Round "3"]
[White "somar96"]
[Black "razoman"]
[Result "1/2-1/2"]
[WhiteElo "2121"]
[BlackElo "2001"]

1. e4 c5 2. Nf3 Nc6 3. d4 cxd4 4. Nxd4 a6 5. Nc3 d6 6. Bc4 e6 7. Bb3 h6 8. O-O
Nf6 9. Be3 Be7 10. f4 O-O 11. Qf3 e5 12. Nxc6 bxc6 13. fxe5 dxe5 14. Rad1 Qc7
15. h3 Bb7 16. Na4 c5 17. Nc3 c4 18. Ba4 Rad8 19. Nd5 Nxd5 20. exd5 Bc5 21. c3
Bxe3+ 22. Qxe3 Bxd5 23. Bc2 Qb7 24. b4 cxb3 25. axb3 Bxb3 26. Bxb3 Qxb3 27. Rxd8
Rxd8 28. Qxe5 Rc8 29. Rf3 Qb6+ 30. Kh1 a5 31. c4 a4 32. Qd5 Qb1+ 33. Kh2 Qg6 34.
c5 Kf8 35. Ra3 Qc2 36. Rf3 Qg6 37. Ra3 Qc2 38. Rf3 1/2-1/2

[Event "AUTO-OPEN-1810"]
[Site "http://www.queenalice.com/game.php?id=819979"]
[Date "2010.8.18"]
[Round "3"]
[White "razoman"]
[Black "somar96"]
[Result "0-1"]
[WhiteElo "2007"]
[BlackElo "2074"]

1. e4 c5 2. Nf3 e6 3. Bb5 a6 4. Be2 Qc7 5. O-O b6 6. d4 cxd4 7. Nxd4 Bb7 8. Nc3
Nf6 9. Bf3 d6 10. Bg5 Be7 11. Re1 Nbd7 12. e5 dxe5 13. Bxb7 Qxb7 14. Nb3 O-O 15.
Qe2 Rac8 16. a3 h6 17. Bh4 Rfd8 18. Bg3 Bd6 19. Rad1 Bb8 20. Nd2 Nd5 21. Qf3 Qc6
22. Nde4 Nxc3 23. Nxc3 Qxf3 24. gxf3 f6 25. Kg2 Kf7 26. Rd2 Ke7 27. Red1 Nc5 28.
Ne4 Rxd2 29. Rxd2 Nxe4 30. fxe4 f5 31. f3 g6 32. Bf2 b5 33. Bb6 Bd6 34. h4 Rc6
35. Ba5 Rc4 36. Re2 Kf6 37. b3 Rc6 38. Rd2 Be7 39. Rd7 Rxc2+ 40. Kg3 Ra2 41. Bd8
Bxd8 42. Rxd8 Rxa3 43. Ra8 Rxb3 44. Rxa6 fxe4 45. Kg2 exf3+ 46. Kf2 e4 0-1

[Event "AUTO-ADV-1587"]
[Site "http://www.queenalice.com/game.php?id=823049"]
[Date "2010.8.25"]
[Round "2"]
[White "Rutty"]
[Black "somar96"]
[Result "0-1"]
[WhiteElo "1977"]
[BlackElo "2113"]

1. d4 d5 2. c4 c6 3. e3 Nf6 4. Nf3 a6 5. Nc3 e6 6. c5 Nbd7 7. g3 g6 8. Bg2 Bg7
9. O-O O-O 10. b4 Ne4 11. Nxe4 dxe4 12. Nd2 f5 13. Nc4 e5 14. d5 cxd5 15. Nd6 d4
16. Qb3+ Kh8 17. Nf7+ Rxf7 18. Qxf7 d3 19. a4 Nf8 20. Ra2 Be6 21. Qxb7 Bxa2 0-1

[Event "AUTO-ADV-1587"]
[Site "http://www.queenalice.com/game.php?id=823050"]
[Date "2010.8.25"]
[Round "2"]
[White "somar96"]
[Black "Rutty"]
[Result "0-1"]
[WhiteElo "2094"]
[BlackElo "1992"]

1. e4 e5 2. Nf3 Nc6 3. Bc4 Bc5 4. O-O Nf6 5. d4 Bxd4 6. Nxd4 Nxd4 7. f4 d6 8.
fxe5 dxe5 9. Bg5 Be6 10. Na3 Qe7 11. c3 Nc6 12. Kh1 h6 13. Bxf6 gxf6 14. Qf3
O-O-O 15. Rad1 Rxd1 16. Rxd1 h5 17. Bd5 Bg4 18. Qf1 Bxd1 19. Qxd1 Nd8 20. Nb5 a6
21. Na3 Ne6 22. Nc4 c6 23. Bxe6+ fxe6 24. Qf3 b5 25. Ne3 Kb7 26. h3 h4 27. Kh2
Qg7 28. Ng4 Rf8 29. Qd3 f5 30. Nf2 Rg8 31. Qf3 Qg3+ 32. Kh1 Qxf3 33. gxf3 Rg3
34. exf5 exf5 0-1

[Event "AUTO-ADV-1587"]
[Site "http://www.queenalice.com/game.php?id=823055"]
[Date "2010.8.25"]
[Round "2"]
[White "somar96"]
[Black "josecastroman"]
[Result "1-0"]
[WhiteElo "2115"]
[BlackElo "1665"]

1. e4 e5 2. Nf3 Nc6 3. Bc4 Bc5 4. O-O h6 5. c3 Nf6 6. d4 exd4 7. cxd4 Bb6 8. Nc3
d6 9. h3 g5 10. Qb3 Qe7 11. Nd5 Qd8 12. Nxb6 axb6 13. Bxf7+ Kf8 14. Bg6 Qe7 15.
Re1 Kg7 16. Bf5 Bxf5 17. exf5 Qd7 18. g4 Rae8 19. Bd2 d5 20. Bc3 Ne4 21. Ne5 1-0

[Event "AUTO-ADV-1587"]
[Site "http://www.queenalice.com/game.php?id=823056"]
[Date "2010.8.25"]
[Round "2"]
[White "josecastroman"]
[Black "somar96"]
[Result "0-1"]
[WhiteElo "1663"]
[BlackElo "2116"]

1. e4 c5 2. Nf3 e6 3. a3 Nc6 4. Nc3 a6 5. Bc4 b5 6. Ba2 Bb7 7. d3 d6 8. Bg5 Nf6
9. Qd2 Be7 10. h3 O-O 11. g4 Nd4 12. Nxd4 cxd4 13. Ne2 Rc8 14. f4 Qb6 15. O-O-O
a5 16. Kb1 b4 17. axb4 axb4 18. b3 Ra8 19. Qc1 Ra3 20. Qb2 Rfa8 0-1

[Event "AUTO-OPEN-1814"]
[Site "http://www.queenalice.com/game.php?id=843064"]
[Date "2010.10.7"]
[Round "3"]
[White "somar96"]
[Black "drd123"]
[Result "0-1"]
[WhiteElo "2108"]
[BlackElo "2146"]

1. e4 g6 2. d4 Bg7 3. Nc3 c6 4. f4 d5 5. e5 Nh6 6. Nge2 O-O 7. Ng3 Nf5 8. Nxf5
Bxf5 9. g4 Bd7 10. Be3 a5 11. h4 b5 12. Bd3 Na6 13. a3 Qc8 14. f5 b4 15. Ne2 Nc7
16. Ng3 Be8 17. Qf3 c5 18. h5 Bb5 19. hxg6 fxg6 20. Qg2 Bxd3 21. cxd3 cxd4 22.
Bxd4 Qd7 23. Qh3 h6 24. e6 Nxe6 25. fxe6 Qxe6+ 26. Kd1 Bxd4 27. Qxh6 Qxg4+ 28.
Kc1 Qf4+ 29. Qxf4 Rxf4 30. axb4 Be3+ 31. Kb1 Rxb4 32. Ne2 Rab8 33. Ra2 a4 34.
Nc3 a3 35. Rxa3 Rxb2+ 36. Ka1 Bd4 37. Rc1 R2b3 38. Rxb3 Rxb3 39. Ka2 Rxc3 40.
Rd1 g5 41. Kb1 g4 42. Re1 e5 43. Rf1 Rxd3 0-1

[Event "AUTO-OPEN-1814"]
[Site "http://www.queenalice.com/game.php?id=843065"]
[Date "2010.10.7"]
[Round "3"]
[White "drd123"]
[Black "somar96"]
[Result "1/2-1/2"]
[WhiteElo "2156"]
[BlackElo "2118"]

1. e4 c5 2. Nc3 e6 3. Bc4 Nc6 4. d3 Nge7 5. f4 d5 6. exd5 exd5 7. Bb3 Nd4 8.
Ba4+ Nec6 9. Nge2 Be7 10. O-O O-O 11. Bxc6 bxc6 12. Nxd4 cxd4 13. Ne2 c5 14. f5
Bf6 15. Ng3 Re8 16. Bf4 c4 17. Qg4 Kh8 18. Rae1 Bd7 19. Nh5 Rxe1 20. Rxe1 cxd3
21. cxd3 Rc8 22. Be5 Bxe5 23. Rxe5 Qf8 24. Qxd4 f6 25. Rxd5 Bc6 26. Rc5 Bb7 27.
Rxc8 Qxc8 28. Qf4 h6 29. h3 Qc6 30. Qg3 Qd7 31. Nf4 Qxf5 32. Ng6+ Kh7 33. Nf8+
Kg8 34. Qb8 Qc5+ 35. Kh2 Qd5 36. Ne6+ Kh7 1/2-1/2

[Event "somar96"]
[Site "http://www.queenalice.com/game.php?id=852606"]
[Date "2010.10.30"]
[Round "3"]
[White "Miras"]
[Black "somar96"]
[Result "1-0"]
[WhiteElo "2359"]
[BlackElo "2096"]

1. e4 c5 2. Nf3 Nc6 3. Bb5 g6 4. O-O Bg7 5. c3 a6 6. Bxc6 dxc6 7. d3 e5 8. Be3
b6 9. Na3 Ne7 10. Nc4 f6 11. Qb3 b5 12. Ncd2 Qd6 13. c4 Be6 14. Qa3 b4 15. Qa5
O-O 16. Bxc5 Qd7 17. Qxb4 Rf7 18. d4 exd4 19. Nxd4 f5 20. Nxe6 Qxe6 21. Rfe1 f4
22. Nf3 h6 23. Rad1 g5 24. Rd6 Qc8 25. Qd2 Qe8 26. Rd1 Kh7 27. Re6 Qf8 28. e5
Re8 29. Qd3+ Kh8 30. Qa3 g4 31. Ne1 f3 32. Rd7 fxg2 33. Bxe7 Qg8 34. Qe3 Rf3 35.
Rxh6+ Bxh6 36. Qxh6+ Qh7 37. Bf6+ Kg8 38. Qxh7+ Kf8 39. Qf7# 1-0

[Event "MrDom"]
[Site "http://www.queenalice.com/game.php?id=865640"]
[Date "2010.11.29"]
[Round "3"]
[White "celsolrc"]
[Black "somar96"]
[Result "0-1"]
[WhiteElo "1969"]
[BlackElo "2091"]

1. c4 c5 2. Nc3 g6 3. g3 Bg7 4. Bg2 Nc6 5. Rb1 e6 6. d3 Nge7 7. Bd2 O-O 8. a3 d5
9. cxd5 exd5 10. Nf3 d4 11. Ne4 b6 12. O-O Bb7 13. Bf4 Nd5 14. Qd2 Nce7 15. Bh6
f5 16. Bxg7 Kxg7 17. Neg5 Qd6 18. e4 dxe3 19. fxe3 h6 20. Ne4 fxe4 21. dxe4 Rad8
22. exd5 Nxd5 23. e4 Ne7 24. Qc3+ Kh7 25. e5 Qd3 26. Qxd3 Rxd3 27. Ng5+ Kg8 28.
Rxf8+ Kxf8 29. Ne4 Bxe4 30. Bxe4 Re3 31. Rf1+ Kg7 32. Bc2 Rxe5 33. Kf2 Nd5 34.
h4 Ne3 35. Rc1 h5 36. Bd3 Ng4+ 37. Kg2 Re3 38. Bf1 Rb3 39. Rb1 a5 40. Kh3 Kh6
41. Bc4 Re3 42. b4 Rxa3 43. bxc5 bxc5 44. Bb5 Ra2 0-1